[Event "Holanda ch 2008 femenino"]
[Site "Hilversum NED"]
[Date "2008.04.04"]
[Round "1.1"]
[White "Schuurman, Petra"]
[Black "Bensdorp, Laura"]
[Result "1-0"]
[WhiteElo "2295"]
[BlackElo "2085"]
[PlyCount "83"]
[EventDate "2008.04.04"]
[EventType "tourn"]
[EventRounds "9"]
[EventCountry "NED"]
[Source "lmi"]
[SourceDate "2008.04.04"]

1. d4 f5 2. Nc3 Nf6 3. Bg5 d5 4. Bxf6 exf6 5. e3 Be6 6. Qf3 Qd7 7. Bb5 Nc6 8.
Nge2 a6 9. Ba4 Rd8 10. Nf4 Bf7 11. O-O Bb4 12. Nd3 b5 13. Nxb4 Nxb4 14. Bb3 Nc6
15. Ne2 O-O 16. Nf4 Na5 17. Nd3 Nb7 18. a4 Ra8 19. Ra2 Rfd8 20. Rfa1 g6 21. Ra3
Na5 22. Nc5 Qe8 23. axb5 Nxb3 24. Nxb3 axb5 25. Qf4 Rxa3 26. Rxa3 Qc6 27. Nc5
Ra8 28. Rxa8+ Qxa8 29. h4 Qc8 30. g4 fxg4 31. Qxf6 c6 32. Kg2 Qe8 33. Kg3 h5
34. b4 Qb8+ 35. Qf4 Qc8 36. Qe5 Kh7 37. Qd6 Be8 38. Qe7+ Kg8 39. Nd3 Bf7 40.
Qf6 Qc7+ 41. Ne5 Qb8 42. Qxf7+ 1-0

[Event "Holanda ch 2008 femenino"]
[Site "Hilversum NED"]
[Date "2008.04.04"]
[Round "1.2"]
[White "Peng, Zhaoqin"]
[Black "Bensdorp, Marlies"]
[Result "1-0"]
[WhiteElo "2455"]
[BlackElo "2268"]
[PlyCount "51"]
[EventDate "2008.04.04"]
[EventType "tourn"]
[EventRounds "9"]
[EventCountry "NED"]
[Source "lmi"]
[SourceDate "2008.04.04"]

1. d4 d5 2. c4 c6 3. Nc3 e6 4. e3 Bd6 5. a3 f5 6. g4 fxg4 7. Qxg4 Qd7 8. Nf3
Nf6 9. Qg2 Qe7 10. Ne5 Nbd7 11. f4 O-O 12. Bd2 dxc4 13. Bxc4 c5 14. Nb5 Bb8 15.
Rg1 Nb6 16. dxc5 Nxc4 17. Nxc4 g6 18. Nbd6 Nd5 19. Qg3 b6 20. e4 Nf6 21. O-O-O
b5 22. Ne5 Nh5 23. Nxg6 hxg6 24. Qxg6+ Ng7 25. Bc3 Bxd6 26. cxd6 1-0

[Event "Holanda ch 2008 femenino"]
[Site "Hilversum NED"]
[Date "2008.04.04"]
[Round "1.4"]
[White "Van Nies, Pauline"]
[Black "Muhren, Bianca"]
[Result "0-1"]
[WhiteElo "2184"]
[BlackElo "2297"]
[PlyCount "107"]
[EventDate "2008.04.04"]
[EventType "tourn"]
[EventRounds "9"]
[EventCountry "NED"]
[Source "lmi"]
[SourceDate "2008.04.04"]

1. e4 e5 2. Nf3 Nc6 3. Bb5 a6 4. Ba4 d6 5. c3 f5 6. d3 Nf6 7. O-O Be7 8. exf5
Bxf5 9. Nh4 Be6 10. f4 exf4 11. Bxf4 Nd5 12. Qe1 Qd7 13. Bxc6 bxc6 14. Bd2 Bf6
15. c4 O-O 16. cxd5 Bxd5 17. Nc3 Qg4 18. Nxd5 Bxh4 19. Ne7+ Kh8 20. Qe4 Qxe4
21. dxe4 Bxe7 22. Rac1 Bf6 23. Bc3 Bg5 24. Rce1 Kg8 25. g3 Rae8 26. h4 Bf6 27.
Bxf6 Rxf6 28. Rxf6 gxf6 29. Kf2 Kf7 30. Rc1 c5 31. b4 Rxe4 32. bxc5 Ra4 33.
cxd6 Rxa2+ 34. Kf3 cxd6 35. Rc7+ Kg6 36. Rd7 Rd2 37. Ra7 d5 38. Rxa6 Rd3+ 39.
Kf4 Rd4+ 40. Kf3 Kf5 41. Ra3 Rc4 42. Rb3 h5 43. Ra3 Rb4 44. Ra8 Rb3+ 45. Kf2 d4
46. Rd8 Ke4 47. Re8+ Kd3 48. Re6 Kc2 49. Rxf6 d3 50. Rd6 Kd1 51. Rd8 d2 52. Rc8
Ra3 53. Rc7 Ra8 54. Re7 0-1

[Event "Holanda ch 2008 femenino"]
[Site "Hilversum NED"]
[Date "2008.04.05"]
[Round "2.2"]
[White "Muhren, Bianca"]
[Black "Middelveld, Martine"]
[Result "1-0"]
[WhiteElo "2297"]
[BlackElo "2040"]
[PlyCount "57"]
[EventDate "2008.04.04"]
[EventType "tourn"]
[EventRounds "9"]
[EventCountry "NED"]
[Source "lmi"]
[SourceDate "2008.04.04"]

1. e4 e6 2. d4 d5 3. Nc3 Nf6 4. Bg5 Be7 5. e5 Nfd7 6. h4 O-O 7. Bd3 c5 8. Qh5
g6 9. Qh6 Nc6 10. f4 Re8 11. Nf3 Nxd4 12. Nxd4 cxd4 13. Bxe7 Qxe7 14. Nb5 Nc5
15. O-O-O b6 16. Nxd4 Ba6 17. Bxa6 Nxa6 18. h5 Nc5 19. g4 Qf8 20. hxg6 Qxh6 21.
gxf7+ Kg7 22. fxe8=N+ Rxe8 23. Rxh6 Kxh6 24. Kd2 Kg7 25. Ke3 Na4 26. b3 Nc3 27.
Rh1 a5 28. a4 Kg6 29. Nxe6 1-0

[Event "Holanda ch 2008 femenino"]
[Site "Hilversum NED"]
[Date "2008.04.05"]
[Round "2.4"]
[White "Bensdorp, Marlies"]
[Black "Munnik, Talitha"]
[Result "1/2-1/2"]
[WhiteElo "2268"]
[BlackElo "2002"]
[PlyCount "115"]
[EventDate "2008.04.04"]
[EventType "tourn"]
[EventRounds "9"]
[EventCountry "NED"]
[Source "lmi"]
[SourceDate "2008.04.04"]

1. d4 d5 2. c4 e6 3. Nc3 Nf6 4. cxd5 exd5 5. Bg5 Be7 6. e3 h6 7. Bf4 c6 8. Bd3
O-O 9. Qc2 Nbd7 10. h3 Re8 11. Nf3 Nf8 12. O-O-O a5 13. g4 Ne6 14. Bh2 b5 15.
Kb1 a4 16. Ne2 Qb6 17. Rc1 c5 18. dxc5 Nxc5 19. Ned4 b4 20. Bb5 b3 21. Qe2
bxa2+ 22. Kxa2 Ba6 23. Bxa6 Rxa6 24. Qb5 Qxb5 25. Nxb5 Rb6 26. Nfd4 Nd3 27. Rc3
Nxf2 28. Rhc1 Nxh3 29. Rc8 Rxc8 30. Rxc8+ Kh7 31. Rc7 Bf8 32. Rxf7 Kg8 33. Ra7
Nxg4 34. Bc7 Rf6 35. Rxa4 Nxe3 36. Ra8 Kh7 37. Be5 Rf7 38. Ne6 Be7 39. Re8 Nf5
40. Nc3 d4 41. Nxd4 Nxd4 42. Bxd4 Nf4 43. Kb3 h5 44. Ne4 h4 45. Be3 Ne6 46. Kc4
h3 47. Bg1 Nf4 48. b4 Bh4 49. b5 Rc7+ 50. Kb3 g5 51. Bh2 Rc1 52. Rf8 Ne2 53.
Be5 Nd4+ 54. Kb2 h2 55. Nxg5+ Bxg5 56. Rh8+ Kg6 57. Rxh2 Nxb5 58. Rc2 1/2-1/2

[Event "Holanda ch 2008 femenino"]
[Site "Hilversum NED"]
[Date "2008.04.05"]
[Round "2.5"]
[White "Schuurman, Petra"]
[Black "Peng, Zhaoqin"]
[Result "0-1"]
[WhiteElo "2295"]
[BlackElo "2455"]
[PlyCount "85"]
[EventDate "2008.04.04"]
[EventType "tourn"]
[EventRounds "9"]
[EventCountry "NED"]
[Source "lmi"]
[SourceDate "2008.04.04"]

1. d4 d6 2. Nf3 Bg4 3. g3 Nd7 4. Bg2 e5 5. c4 Ngf6 6. Nc3 c6 7. O-O Be7 8. a3
O-O 9. b4 Re8 10. Bb2 e4 11. Nd2 d5 12. f3 exf3 13. Bxf3 Bxf3 14. Rxf3 a5 15.
b5 dxc4 16. bxc6 bxc6 17. Nxc4 c5 18. d5 Nb6 19. Nxb6 Qxb6 20. Na4 Qd6 21. Rc1
Ne4 22. Rc4 Bg5 23. Bc1 Bxc1 24. Rxc1 Rad8 25. Nc3 c4 26. Qd4 Qxa3 27. Rcf1 Ng5
28. Rf5 f6 29. d6 Qxd6 30. Qxc4+ Kh8 31. Rd5 Qb4 32. Rxd8 Rxd8 33. Qxb4 axb4
34. Na2 b3 35. Nc3 Rc8 36. Na4 Ne4 37. Rb1 Nd2 38. Rb2 Rc2 39. Kf2 h5 40. h3
Ne4+ 41. Kf3 Nc3 42. Nxc3 Rxb2 43. h4 0-1

[Event "Holanda ch 2008 femenino"]
[Site "Hilversum NED"]
[Date "2008.04.06"]
[Round "3.2"]
[White "Munnik, Talitha"]
[Black "Schuurman, Petra"]
[Result "0-1"]
[WhiteElo "2002"]
[BlackElo "2295"]
[PlyCount "110"]
[EventDate "2008.04.04"]
[EventType "tourn"]
[EventRounds "9"]
[EventCountry "NED"]
[Source "lmi"]
[SourceDate "2008.04.04"]

1. e4 c6 2. d4 d5 3. Nc3 dxe4 4. Nxe4 Bf5 5. Ng3 Bg6 6. h4 h6 7. Nf3 Nd7 8. Bd3
Bxd3 9. Qxd3 e6 10. Bf4 Qa5+ 11. Bd2 Bb4 12. c3 Be7 13. c4 Qc7 14. O-O-O b5 15.
Kb1 Ngf6 16. Rc1 Qb7 17. Bf4 bxc4 18. Qxc4 Nd5 19. Bd2 c5 20. Rhe1 O-O 21. Ne4
Rfc8 22. Ne5 Rab8 23. b3 N7b6 24. Qd3 cxd4 25. Qxd4 Ba3 26. Rxc8+ Rxc8 27. Bc1
Rxc1+ 28. Rxc1 Bxc1 29. Kxc1 Qa6 30. Kb2 Qe2+ 31. Ka3 Qf1 32. g3 f5 33. Nd2
Qc1+ 34. Qb2 Qc5+ 35. b4 Qxf2 36. Ndf3 Qxf3+ 37. Nxf3 Nc4+ 38. Kb3 Nxb2 39.
Kxb2 Nxb4 40. Ne5 Nd5 41. Kb3 g5 42. hxg5 hxg5 43. Kc4 Kg7 44. Kd4 g4 45. a3
Kf6 46. Nd7+ Ke7 47. Ne5 a6 48. Kd3 Nb6 49. Ke3 Nd7 50. Nc6+ Kd6 51. Nd4 Nc5
52. Ne2 e5 53. Nc3 Ke6 54. Ne2 Ne4 55. Kd3 Kd5 0-1

[Event "Holanda ch 2008 femenino"]
[Site "Hilversum NED"]
[Date "2008.04.07"]
[Round "4.3"]
[White "Bensdorp, Marlies"]
[Black "Middelveld, Martine"]
[Result "1-0"]
[WhiteElo "2268"]
[BlackElo "2040"]
[PlyCount "185"]
[EventDate "2008.04.04"]
[EventType "tourn"]
[EventRounds "9"]
[EventCountry "NED"]
[Source "lmi"]
[SourceDate "2008.04.04"]

1. d4 d5 2. c4 e6 3. Nc3 c5 4. cxd5 exd5 5. Nf3 Nc6 6. g3 Nf6 7. Bg2 Be7 8. O-O
O-O 9. Bg5 cxd4 10. Nxd4 h6 11. Be3 Re8 12. Rc1 Bf8 13. Nxc6 bxc6 14. Na4 Bd7
15. Bc5 Bxc5 16. Nxc5 Bg4 17. Re1 Qa5 18. h3 Bf5 19. a3 Rab8 20. Na4 Qb5 21. b4
Re7 22. e3 Nd7 23. Bf1 Qb7 24. Nc5 Nxc5 25. Rxc5 Qd7 26. Kh2 Qd6 27. Qd2 Bd7
28. Rec1 h5 29. h4 Qf6 30. Bg2 g6 31. Kg1 Rb6 32. R1c3 Rb8 33. Ra5 Be8 34. Rc1
Kh7 35. Qc2 Rbb7 36. Rc5 Kg7 37. Qd2 Kh7 38. Bf1 Rb6 39. Bd3 Rb8 40. Kg2 Rd8
41. Bc2 Rd6 42. Rd1 Bd7 43. Qd4 Qe6 44. Rh1 Re8 45. Ra5 Ra8 46. Bd3 Qf6 47.
Qxf6 Rxf6 48. Rc1 Rd6 49. Ra6 Re6 50. Rc5 Kg7 51. Kg1 Kf8 52. Rca5 d4 53. Rxa7
Rxa7 54. Rxa7 dxe3 55. Rxd7 e2 56. Bxe2 Rxe2 57. Rc7 Ra2 58. Ra7 Kg7 59. Ra6 f6
60. Kg2 Kf7 61. a4 Ra3 62. a5 Ra4 63. Rb6 c5 64. bxc5 Rxa5 65. Rc6 Ra2 66. Rc8
Ke6 67. c6 Rc2 68. Kf3 Rc5 69. Ke4 Rc2 70. c7 Rc4+ 71. Kd3 Rc6 72. Re8+ Kd7 73.
Rg8 Kxc7 74. Rxg6 Kd7 75. Rh6 Re6 76. Rxh5 Ke7 77. Rh7+ Kd6 78. Ra7 Re5 79.
Ra6+ Ke7 80. Ra4 Kf7 81. Re4 Rf5 82. Ke3 Kg6 83. g4 Ra5 84. Kf4 Ra2 85. f3 Ra3
86. Re6 Kf7 87. Rb6 Ra4+ 88. Kg3 Kg7 89. h5 Rc4 90. Rb7+ Kh6 91. Rf7 Rc6 92.
Kh4 Rb6 93. f4 1-0

[Event "Holanda ch 2008 femenino"]
[Site "Hilversum NED"]
[Date "2008.04.07"]
[Round "4.4"]
[White "Schuurman, Petra"]
[Black "Van Nies, Pauline"]
[Result "1-0"]
[WhiteElo "2295"]
[BlackElo "2184"]
[PlyCount "87"]
[EventDate "2008.04.04"]
[EventType "tourn"]
[EventRounds "9"]
[EventCountry "NED"]
[Source "lmi"]
[SourceDate "2008.04.04"]

1. Nf3 Nf6 2. c4 g6 3. Nc3 d5 4. Qa4+ Bd7 5. Qb3 dxc4 6. Qxc4 Bg7 7. e4 O-O 8.
d4 Bg4 9. Be2 Bxf3 10. gxf3 c6 11. Be3 b5 12. Qb3 a5 13. a4 b4 14. Na2 Nbd7 15.
Rd1 Qc7 16. e5 Nd5 17. f4 N7b6 18. Rg1 f6 19. Nc1 Kh8 20. Nd3 fxe5 21. fxe5
Nxe3 22. fxe3 e6 23. Qxe6 Nxa4 24. Rc1 c5 25. Qb3 Nb6 26. Rxc5 Qe7 27. Rg4 Nd7
28. Rc7 Qd8 29. Qc4 Rc8 30. Rxc8 Qxc8 31. Qxc8 Rxc8 32. Re4 Bf8 33. Bg4 Rc7 34.
Bxd7 Rxd7 35. e6 Rb7 36. d5 Kg7 37. Kd2 Bd6 38. h3 Kf6 39. Rc4 Rb5 40. e4 Rb6
41. Ke3 Bb8 42. b3 g5 43. e5+ Ke7 44. Ke4 1-0

[Event "Holanda ch 2008 femenino"]
[Site "Hilversum NED"]
[Date "2008.04.07"]
[Round "4.5"]
[White "Peng, Zhaoqin"]
[Black "Munnik, Talitha"]
[Result "1-0"]
[WhiteElo "2455"]
[BlackElo "2002"]
[PlyCount "59"]
[EventDate "2008.04.04"]
[EventType "tourn"]
[EventRounds "9"]
[EventCountry "NED"]
[Source "lmi"]
[SourceDate "2008.04.04"]

1. d4 d5 2. c4 e6 3. Nf3 Nf6 4. g3 c6 5. Nbd2 Nbd7 6. Bg2 Bd6 7. O-O O-O 8. Qc2
b6 9. e4 Nxe4 10. Nxe4 dxe4 11. Ng5 Bb7 12. Nxe4 Be7 13. Rd1 Nf6 14. Bf4 Nxe4
15. Bxe4 h6 16. c5 Bg5 17. Be5 Bf6 18. b4 a5 19. b5 Rc8 20. Rab1 Bxe5 21. dxe5
Qe7 22. Rd6 cxb5 23. c6 Ba6 24. Qe2 a4 25. Bd3 Rfd8 26. Qe4 g6 27. Qd4 Qc7 28.
Rc1 f6 29. Qg4 fxe5 30. Rxe6 1-0

[Event "Holanda ch 2008 femenino"]
[Site "Hilversum NED"]
[Date "2008.04.09"]
[Round "5.1"]
[White "Munnik, Talitha"]
[Black "Bensdorp, Laura"]
[Result "1-0"]
[WhiteElo "2002"]
[BlackElo "2085"]
[PlyCount "79"]
[EventDate "2008.04.04"]
[EventType "tourn"]
[EventRounds "9"]
[EventCountry "NED"]
[Source "lmi"]
[SourceDate "2008.04.04"]

1. e4 c5 2. Nf3 d6 3. d4 cxd4 4. Nxd4 Nf6 5. f3 e5 6. Nb3 Be7 7. c4 a5 8. Be3
a4 9. N3d2 Qa5 10. Na3 O-O 11. Bd3 Na6 12. O-O Nc5 13. Be2 Bd7 14. Ndb1 h6 15.
Nc3 Rfd8 16. Qe1 Rdc8 17. Rd1 Be6 18. Nab5 Ra6 19. Rd2 Qb4 20. Qf2 Ncd7 21. Na3
Raa8 22. Rfd1 Ne8 23. Bf1 Bd8 24. Nd5 Bxd5 25. Rxd5 Nc5 26. Nb5 Qa5 27. Nxd6
Nxd6 28. Bxc5 Ne8 29. Be7 Bb6 30. c5 Ba7 31. Rxe5 Qc7 32. Qd4 Kh7 33. Bc4 f6
34. Qd5 Qxe5 35. Qg8+ Kg6 36. Bf7+ Kg5 37. g3 Bxc5+ 38. Kh1 Qxe4 39. fxe4 Bxe7
40. Qh7 1-0

[Event "Holanda ch 2008 femenino"]
[Site "Hilversum NED"]
[Date "2008.04.09"]
[Round "5.2"]
[White "Van Nies, Pauline"]
[Black "Peng, Zhaoqin"]
[Result "0-1"]
[WhiteElo "2184"]
[BlackElo "2455"]
[PlyCount "126"]
[EventDate "2008.04.04"]
[EventType "tourn"]
[EventRounds "9"]
[EventCountry "NED"]
[Source "lmi"]
[SourceDate "2008.04.04"]

1. e4 Nf6 2. e5 Nd5 3. d4 d6 4. c4 Nb6 5. exd6 cxd6 6. Nf3 Bg4 7. Be2 e6 8. O-O
Be7 9. b3 O-O 10. Bb2 Nc6 11. a4 a5 12. Na3 d5 13. c5 Nc8 14. Rc1 Bxf3 15. Bxf3
Bg5 16. Rc3 Bf6 17. Nb5 N8e7 18. Bg4 g6 19. Rh3 Bg7 20. Qe2 Qd7 21. Re1 f5 22.
Bf3 Nd8 23. Qd2 Nec6 24. g4 f4 25. Bd1 Nb4 26. Rf3 e5 27. dxe5 Qxg4+ 28. Kh1
Ne6 29. Bc3 Kh8 30. Bxb4 axb4 31. Qxd5 Ng5 32. Rg3 Qh4 33. Qd4 Ne6 34. Qxb4
Nxc5 35. Rg4 Qxf2 36. Rg2 Qh4 37. Bc2 Na6 38. Qd2 f3 39. Rf2 Rad8 40. Qe3 Bh6
41. Qb6 Rd2 42. Ref1 Qh3 43. Be4 Re2 44. Nc3 Be3 45. Qd6 Bc5 46. Qxf8+ Bxf8 47.
Nxe2 fxe2 48. Rxf8+ Kg7 49. R8f7+ Kh6 50. Re1 Qe3 51. Bxb7 Nc5 52. Ba6 Nxa6 53.
Kg2 Qd2 54. Kf2 Nc5 55. Rxe2 Ne4+ 56. Kf1 Qd1+ 57. Re1 Qxb3 58. Rxe4 Qxf7+ 59.
Kg2 Qd5 60. Kf3 Kg5 61. Ke3 Kf5 62. Rf4+ Kxe5 63. Rf3 Qa2 0-1

[Event "Holanda ch 2008 femenino"]
[Site "Hilversum NED"]
[Date "2008.04.09"]
[Round "5.3"]
[White "Middelveld, Martine"]
[Black "Schuurman, Petra"]
[Result "0-1"]
[WhiteElo "2040"]
[BlackElo "2295"]
[PlyCount "58"]
[EventDate "2008.04.04"]
[EventType "tourn"]
[EventRounds "9"]
[EventCountry "NED"]
[Source "lmi"]
[SourceDate "2008.04.04"]

1. d4 Nf6 2. c4 e6 3. Nf3 c5 4. d5 b5 5. Bg5 exd5 6. cxd5 d6 7. e4 a6 8. Nbd2
Be7 9. h4 Nbd7 10. a4 b4 11. Be2 O-O 12. O-O Re8 13. g3 h6 14. Bf4 Nf8 15. Qc2
Ng6 16. Be3 Bf8 17. Bd3 Ng4 18. Nc4 Nxe3 19. Nxe3 Qf6 20. Nh2 Ne5 21. Be2 Ra7
22. Neg4 Nxg4 23. Bxg4 Bxg4 24. Nxg4 Qf3 25. Nh2 Qxe4 26. Qxe4 Rxe4 27. Nf3 Re2
28. b3 Rae7 29. Rfe1 Rb2 0-1

[Event "Holanda ch 2008 femenino"]
[Site "Hilversum NED"]
[Date "2008.04.10"]
[Round "6.2"]
[White "Bensdorp, Marlies"]
[Black "Muhren, Bianca"]
[Result "1-0"]
[WhiteElo "2268"]
[BlackElo "2297"]
[PlyCount "79"]
[EventDate "2008.04.04"]
[EventType "tourn"]
[EventRounds "9"]
[EventCountry "NED"]
[Source "lmi"]
[SourceDate "2008.04.04"]

1. d4 d5 2. Nf3 Nc6 3. g3 Bf5 4. Bg2 e6 5. O-O Nf6 6. b3 Nb4 7. Na3 Be7 8. c3
Na6 9. Bb2 Ne4 10. Nc2 h5 11. Ne3 c6 12. Ne5 Bd6 13. c4 h4 14. Nxf5 exf5 15.
cxd5 cxd5 16. Qd3 Nc7 17. f3 hxg3 18. fxe4 gxh2+ 19. Kh1 Bxe5 20. dxe5 fxe4 21.
Qg3 Ne6 22. Qf2 Qd7 23. Rad1 Ng5 24. Ba3 Rh5 25. Qc5 Ne6 26. Qxd5 Qxd5 27. Rxd5
f5 28. Rd6 Nc7 29. Rc1 Nb5 30. Re6+ Kf7 31. Re7+ Kg6 32. Bb2 Rd8 33. e6 Rd2 34.
Rxg7+ Kh6 35. e7 Nc7 36. Be5 Ne8 37. Rg8 Rd5 38. Bf4+ Kh7 39. Rxe8 Rd7 40. Be5
1-0

[Event "Holanda ch 2008 femenino"]
[Site "Hilversum NED"]
[Date "2008.04.10"]
[Round "6.4"]
[White "Peng, Zhaoqin"]
[Black "Middelveld, Martine"]
[Result "1-0"]
[WhiteElo "2455"]
[BlackElo "2040"]
[PlyCount "67"]
[EventDate "2008.04.04"]
[EventType "tourn"]
[EventRounds "9"]
[EventCountry "NED"]
[Source "lmi"]
[SourceDate "2008.04.04"]

1. d4 d5 2. c4 e5 3. dxe5 d4 4. Nf3 Nc6 5. a3 Nge7 6. Nbd2 Nf5 7. Nb3 Be7 8. h4
Be6 9. Qd3 a5 10. Bf4 a4 11. Nbd2 Nxh4 12. Nxh4 Bxh4 13. Nf3 Be7 14. Rxh7 Rg8
15. e3 Bc5 16. e4 Na5 17. Nd2 Be7 18. Bg3 g5 19. Be2 c5 20. Qc2 Nc6 21. O-O-O
Qc7 22. Rdh1 Nxe5 23. Rh8 Kf8 24. Nf3 Bf6 25. Rxg8+ Kxg8 26. Qd2 Nxf3 27. gxf3
Qa5 28. Qd3 Bg7 29. Bd6 f6 30. e5 f5 31. f4 g4 32. Bxg4 fxg4 33. Qh7+ Kf7 34.
f5 1-0

[Event "Holanda ch 2008 femenino"]
[Site "Hilversum NED"]
[Date "2008.04.10"]
[Round "6.5"]
[White "Munnik, Talitha"]
[Black "Van Nies, Pauline"]
[Result "0-1"]
[WhiteElo "2002"]
[BlackElo "2184"]
[PlyCount "92"]
[EventDate "2008.04.04"]
[EventType "tourn"]
[EventRounds "9"]
[EventCountry "NED"]
[Source "lmi"]
[SourceDate "2008.04.04"]

1. e4 c5 2. Nf3 Nc6 3. d4 cxd4 4. Nxd4 Nf6 5. Nc3 d6 6. Be3 Ng4 7. Bb5 Nxe3 8.
fxe3 Bd7 9. O-O e6 10. Qf3 Ne5 11. Qg3 Bxb5 12. Ndxb5 a6 13. Nd4 g6 14. Nce2
Bg7 15. Nf4 O-O 16. Rf2 Qe7 17. Raf1 Rac8 18. Qh3 Rcd8 19. b3 d5 20. exd5 exd5
21. Rd2 Nc6 22. c3 Rfe8 23. Re2 Qc5 24. Qf3 Ne5 25. Qg3 Qxc3 26. Rc2 Qa5 27.
Nh5 gxh5 28. Nf5 Ng6 29. Nxg7 Kxg7 30. Rc7 Rf8 31. Rxb7 Rc8 32. Qg5 Qd8 33.
Qxh5 Rc6 34. Qg4 Qh4 35. Qd7 Rf6 36. Qxd5 Rxf1+ 37. Kxf1 Qxh2 38. Ra7 Qh1+ 39.
Kf2 Qh4+ 40. Ke2 Qg4+ 41. Kf2 Qc8 42. Qd3 Rd8 43. Qe4 Rd2+ 44. Kf3 Qc1 45. Kg3
h5 46. Qf3 Rxg2+ 0-1